|
|
|
|
| LEADER |
00000nam0a2200000 4500 |
| 001 |
309034 |
| 005 |
20231102002142.0 |
| 035 |
|
|
|a (RuTPU)RU\TPU\book\334356
|
| 090 |
|
|
|a 309034
|
| 100 |
|
|
|a 20151109d1981 m y0rusy50 ca
|
| 101 |
0 |
|
|a rus
|
| 102 |
|
|
|a RU
|
| 105 |
|
|
|a a z 001zy
|
| 200 |
1 |
|
|a Кондиционирование воздуха в многоэтажных зданиях
|f О. Я. Кокорин, Л. И. Ставицкий, Я. Г. Кронфельд
|
| 210 |
|
|
|a Москва
|c Стройиздат
|d 1981
|
| 215 |
|
|
|a 184 с.
|c ил.
|
| 320 |
|
|
|a Библиогр.: с. 182
|
| 606 |
1 |
|
|a Кондиционирование воздуха
|2 stltpush
|3 (RuTPU)RU\TPU\subj\15346
|9 41596
|
| 610 |
1 |
|
|a многоэтажные здания
|
| 610 |
1 |
|
|a проектирование
|
| 610 |
1 |
|
|a эжекционные системы
|
| 610 |
1 |
|
|a устройства
|
| 610 |
1 |
|
|a расчеты
|
| 610 |
1 |
|
|a режимы
|
| 610 |
1 |
|
|a технические характеристики
|
| 610 |
1 |
|
|a монтаж
|
| 610 |
1 |
|
|a эксплуатация
|
| 610 |
1 |
|
|a оборудование
|
| 675 |
|
|
|a 697.94
|v 4
|
| 700 |
|
1 |
|a Кокорин
|b О. Я.
|g Олег Янович
|
| 701 |
|
1 |
|a Ставицкий
|b Л. И.
|g Леонид Ильич
|
| 701 |
|
1 |
|a Кронфельд
|b Я. Г.
|g Яков Григорьевич
|
| 801 |
|
1 |
|a RU
|b 63413507
|c 20151109
|
| 801 |
|
2 |
|a RU
|b 63413507
|c 20161017
|g RCR
|
| 942 |
|
|
|c BK
|